Мощный генератор квазипрямоугольных импульсов с большой длительностью и наносекундным фронтом нарастания на основе инверсно восстанавливающих диодов; Приборы и техника эксперимента; № 3

Bibliografiske detaljer
Parent link:Приборы и техника эксперимента/ Российская академия наук.— , 1956-.— 0032-8162
№ 3.— 2002.— с. 57-59
Andre forfattere: Воронков В. Б., Грехов И. В., Коротков С. В., Христюк Д. В.
Sprog:russisk
Udgivet: 2002
Serier:Электроника и радиотехника
Fag:
Format: MixedMaterials Book Chapter
KOHA link:https://koha.lib.tpu.ru/cgi-bin/koha/opac-detail.pl?biblionumber=427054

MARC

LEADER 00000naa2a2200000 4500
001 427054
005 20231101074621.0
035 |a (RuTPU)RU\TPU\prd\86168 
035 |a RU\TPU\prd\9459 
090 |a 427054 
100 |a 20100903a2002 k y0rusy50 ca 
101 0 |a rus 
102 |a RU 
200 1 |a Мощный генератор квазипрямоугольных импульсов с большой длительностью и наносекундным фронтом нарастания на основе инверсно восстанавливающих диодов  |f В. Б. Воронков, И. В. Грехов, С. В. Коротков, Д. В. Христюк 
225 1 |a Электроника и радиотехника 
320 |a Библиогр.: 8 назв. 
461 1 |0 (RuTPU)RU\TPU\prd\300  |x 0032-8162  |t Приборы и техника эксперимента  |f Российская академия наук  |d 1956- 
463 1 |0 (RuTPU)RU\TPU\prd\86160  |t № 3  |v с. 57-59  |d 2002 
610 1 |a генераторы 
610 1 |a квазипрямоугольные импульсы 
610 1 |a наносекундное нарастание 
675 |a 621.373  |v 3 
701 1 |a Воронков  |b В. Б. 
701 1 |a Грехов  |b И. В. 
701 1 |a Коротков  |b С. В. 
701 1 |a Христюк  |b Д. В. 
801 1 |a RU  |b 63413507  |c 20021225  |g PSBO 
801 2 |a RU  |b 63413507  |c 20100903  |g RCR 
942 |c BK